[Event "XLII Abierto Internacional Ciudad de Se"]
[Site "Sevilla (SPAIN)"]
[Date "2017.01.13"]
[Round "1.1"]
[White "Gentes Benito, Angel"]
[Black "Parligras, Mircea"]
[Result "0-1"]
[WhiteElo "1858"]
[BlackElo "2605"]
[PlyCount "50"]
[EventDate "2017.01.13"]

1. e4 c5 2. Nf3 d6 3. c3 Nf6 4. Be2 Bg4 5. O-O e6 6. Re1 Be7 7. d4 cxd4 (7...
O-O $142 8. h3 Bh5 9. Qb3 Nbd7 10. e5 Nd5 11. c4 N5b6 $11) 8. cxd4 d5 9. e5
Nfd7 (9... Ne4 $142 10. h3 Bf5 11. Nc3 O-O 12. Qb3 Nxc3 13. bxc3 Qc7 14. Ba3
Nc6 $11) 10. Nc3 Nc6 11. Be3 O-O 12. a3 Rc8 13. Qd2 (13. h3 $142 Bf5 14. Bd3
Bxd3 15. Qxd3) 13... Na5 14. Ra2 (14. Qc2 Bf5 15. Bd3 Bxd3 16. Qxd3 Nb3 17.
Rad1 $11) 14... Nc4 15. Qc2 Nxe3 16. fxe3 Nb6 17. Bd3 (17. b3 {Evitando la
penetración del Caballo a la casilla c4}) 17... g6 18. Qf2 Nc4 19. Nd1 (19.
Bxc4 $142 Rxc4 20. Rf1) 19... Qb6 (19... f6 $142 20. exf6 Bxf6 21. Rf1 e5 22.
b3 e4) 20. b4 a5 21. Bxc4 Rxc4 22. Nd2 Rc1 23. bxa5 Qxa5 24. Nb3 $2 (24. Qf1
$142 Rfc8 25. Nf2 Rxe1 26. Qxe1 Bf5 $17) 24... Qxe1+ 25. Qxe1 Rxd1 0-1

[Event "XLII Abierto Internacional Ciudad de Se"]
[Site "Sevilla (SPAIN)"]
[Date "2017.01.13"]
[Round "1.2"]
[White "Santos Latasa, Jaime"]
[Black "Gil Belizon, Diego"]
[Result "1-0"]
[WhiteElo "2566"]
[BlackElo "1850"]
[PlyCount "77"]
[EventDate "2017.01.13"]

1. d4 d5 2. c4 c6 3. Nf3 Nf6 4. Qb3 dxc4 5. Qxc4 Nbd7 6. g3 Nb6 7. Qd3 g6 8.
Nc3 Be6 9. Bg2 Bg7 10. O-O O-O 11. Rd1 Qd7 12. e4 Rfd8 (12... Rad8 $142 13. Qe2
Qc8 14. Bf4 Bh3 15. Be5 Bxg2 16. Kxg2 $144) 13. Qc2 Bg4 14. b3 Bxf3 (14... Qe6
$142 15. a4 a5 16. Bf4 Ne8 $11) 15. Bxf3 Qh3 16. Bg2 Qh5 17. Bb2 Rac8 18. h3
Ne8 19. e5 Nc7 20. Ne4 Nd7 21. f4 Nd5 22. Qf2 Qf5 23. Re1 Nf8 24. h4 (24. Qf1
Rc7 25. Rac1 Qc8 26. Rc2 $14) 24... Qd7 25. Nc5 Qc7 26. f5 f6 (26... b6 27. Nd3
e6 (27... gxf5 28. Qxf5 e6 $16)) 27. Bh3 b6 28. Nd3 gxf5 29. e6 f4 30. gxf4 Ng6
31. Re4 f5 32. Bxf5 Nf6 33. Re2 Nh5 34. Rf1 c5 (34... Rf8 35. Bxg6 hxg6 36. Qg2
Rxf4 37. Nxf4 Nxf4 38. Rxf4 Qxf4 39. Qxg6 $16) 35. Bxg6 hxg6 36. Qg2 {Diagrama
[#]} Rxd4 $2 (36... Kh7 37. Qg5 (37. Ne5) (37. Qg4 $16)) 37. Qxg6 Nxf4 {[%emt
0:00:07] Mate en} 38. Nxf4 (38. Rxf4 Qxf4 39. Nxf4 {Deep Rybka 4 960 w32:} Rcd8
40. Bxd4 Rxd4 41. Nh5 Rd1+ 42. Kh2 Rh1+ 43. Kxh1 a5 44. Qxg7# {[%eval 32758,10]
}) 38... Qd6 39. Nh5 1-0

[Event "XLII Abierto Internacional Ciudad de Se"]
[Site "Sevilla (SPAIN)"]
[Date "2017.01.13"]
[Round "1.3"]
[White "Pozo Prior, Jose Antonio"]
[Black "Lopez Martinez, Josep Manuel"]
[Result "0-1"]
[WhiteElo "1847"]
[BlackElo "2552"]
[PlyCount "60"]
[EventDate "2017.01.13"]

1. e4 c5 2. Nf3 e6 3. d4 cxd4 4. Nxd4 Nf6 5. Nc3 d6 6. Bg5 h6 7. Bh4 Be7 8. Be2
a6 9. O-O Nbd7 10. Nb3 b5 11. a3 Bb7 {Diagrama [#]} 12. Bd3 (12. Qd4 $142 O-O
13. Rfd1 Nxe4 14. Bxe7 Nxc3 15. Qxd6 Nxe2+ 16. Kf1 Qc8 17. Bxf8 Nxf8 18. Nc5
Ng6 19. Kxe2 Bxg2 20. Rd3 $11) 12... Rc8 13. f4 O-O 14. Kh1 e5 15. f5 Re8 16.
Rf3 (16. Re1 $142 d5 17. Bxf6 Nxf6 18. exd5 Qd6 $15) 16... d5 17. Bxf6 (17. Rg3
Nxe4 18. Nxe4 Bxh4 19. Nd6 Bxg3 20. hxg3 Nc5 $19) 17... Nxf6 18. exd5 $2 Rxc3
19. bxc3 e4 20. Bxe4 Nxe4 21. Qe2 Bg5 22. Qd3 Bxd5 23. Rd1 Nf6 24. Rg3 Qa8 25.
Rg1 (25. Qf1 Bh4 26. Rgd3 Bc4 27. Qf4 Bxd3 28. cxd3 $19) 25... Bf4 26. Nd4 Bxg3
27. hxg3 (27. Qxg3 Qc8 28. h3 Ne4 29. Qf4 Qxc3 30. Rd1 Bc4 31. Kh2 Qxa3 $19)
27... h5 28. Nf3 Bxf3 29. Qxf3 Qxf3 30. gxf3 Re3 0-1

[Event "XLII Abierto Internacional Ciudad de Se"]
[Site "Sevilla (SPAIN)"]
[Date "2017.01.13"]
[Round "1.4"]
[White "Saric, Ante"]
[Black "Salguero Roldan, Francisco"]
[Result "1-0"]
[WhiteElo "2542"]
[BlackElo "1844"]
[PlyCount "37"]
[EventDate "2017.01.13"]

1. Nf3 d5 2. d4 Nf6 3. c4 e6 4. g3 Be7 5. Bg2 dxc4 6. Qa4+ Bd7 7. Qxc4 Bc6 8.
Nc3 O-O 9. O-O b6 $6 (9... Nd5 10. Qd3 Nxc3 11. Qxc3 Nd7 $11) 10. Bf4 Bd6 11.
Rac1 (11. Ne5 Bxg2 12. Kxg2 a6 13. a4 $14) 11... Bxf4 12. gxf4 Qd6 13. e3 a6
14. Rfd1 b5 15. Qf1 Nbd7 (15... b4 $142) 16. Ne5 Bxg2 17. Qxg2 {Diagrama [#]}
Nd5 $2 (17... g6 $142 18. a3 Nb6 19. Rd2 Nbd5 20. Rdc2) 18. Nxd5 exd5 19. Rc6
$16 1-0

[Event "XLII Abierto Internacional Ciudad de Se"]
[Site "Sevilla (SPAIN)"]
[Date "2017.01.13"]
[Round "1.5"]
[White "Murillo Montes, Antonio"]
[Black "Kogan, Arthur"]
[Result "0-1"]
[WhiteElo "1844"]
[BlackElo "2530"]
[PlyCount "84"]
[EventDate "2017.01.13"]

1. e4 c5 2. Nc3 Nc6 3. d3 e6 4. Be2 d5 5. Nf3 Nf6 6. Bg5 Be7 7. exd5 exd5 8.
O-O (8. d4 O-O 9. O-O Be6 10. Re1 h6 11. Be3 Ng4 $11) 8... h6 9. Bh4 d4 10.
Bxf6 Bxf6 11. Ne4 Be7 12. Re1 O-O 13. a3 Be6 $15 14. h3 $6 b5 15. Nh2 Rb8 16.
Kh1 c4 17. Bf3 Ne5 18. Ng5 $6 (18. Ng3 Qd6 19. Qe2 Ng6 20. Bg4 Nf4 $11) 18...
Bxg5 19. Rxe5 Qd6 20. Re2 Rfc8 21. Bg4 f5 22. Qe1 Bd7 $6 23. Bh5 g6 24. Bf3 c3
25. b4 Re8 26. Qb1 Be6 27. Qg1 Bf7 28. Rae1 Rxe2 29. Rxe2 a5 30. bxa5 Qxa3 31.
Re1 $2 {Una defensa más resistente puede ser:} (31. g4 f4 32. Be4 b4 $17) 31...
Qxa5 32. Ra1 Qc7 33. g4 Kh8 34. Qg2 b4 35. Bd5 b3 36. Bxf7 $19 bxc2 37. Ba2
c1=Q+ 38. Rxc1 Bxc1 39. gxf5 Bg5 40. Qe4 c2 41. fxg6 c1=Q+ 42. Kg2 Q1f4 0-1

[Event "XLII Abierto Internacional Ciudad de Se"]
[Site "Sevilla (SPAIN)"]
[Date "2017.01.13"]
[Round "1.6"]
[White "Burmakin, Vladimir"]
[Black "Diez Asensio*, Jesus"]
[Result "1-0"]
[WhiteElo "2526"]
[BlackElo "1843"]
[PlyCount "48"]
[EventDate "2017.01.13"]

1. Nf3 d5 2. g3 Bg4 3. Bg2 c6 4. c4 Nf6 5. O-O e6 6. cxd5 cxd5 7. Nc3 Nc6 8.
Qb3 Qc8 9. d3 Be7 10. h3 Bh5 11. Nh4 Bg6 12. Nxg6 hxg6 13. e4 dxe4 14. dxe4 O-O
15. Be3 Rd8 16. Rac1 Qb8 17. f4 Nd7 18. e5 Nc5 19. Qc4 Nd3 20. Rb1 Qc8 21. Rfd1
Ndb4 22. a3 Nc2 23. Bf2 Na5 24. Rxd8+ Qxd8 1-0

[Event "XLII Abierto Internacional Ciudad de Se"]
[Site "Sevilla (SPAIN)"]
[Date "2017.01.13"]
[Round "1.7"]
[White "Ramirez Sanchez, Samuel"]
[Black "Gleizerov, Evgeny"]
[Result "0-1"]
[WhiteElo "1842"]
[BlackElo "2518"]
[PlyCount "62"]
[EventDate "2017.01.13"]

1. d4 e6 2. Nf3 f5 3. Bf4 Nf6 4. h3 g6 5. e3 Bg7 6. c4 O-O 7. Nc3 d6 8. Be2 Qe7
9. Qc2 Nc6 10. a3 e5 11. Bg5 Qf7 12. d5 Nd8 13. e4 Nxe4 14. Bxd8 Nxc3 15. Ng5
Qd7 16. Ne6 Nxe2 17. Qxe2 Rxd8 18. Nxd8 Qxd8 19. O-O-O Qg5+ 20. Kb1 Qxg2 21.
Ka1 Qe4 22. Qf1 Qh4 23. f3 Bd7 24. Qe2 Re8 25. Qe3 b6 26. Rhg1 Qxc4 27. h4 f4
28. Qf2 e4 29. h5 e3 30. Qg2 Qb3 31. hxg6 Qxa3+ 0-1

[Event "XLII Abierto Internacional Ciudad de Se"]
[Site "Sevilla (SPAIN)"]
[Date "2017.01.13"]
[Round "1.8"]
[White "Lemos, Damian"]
[Black "Morales Cano, Carlos"]
[Result "1-0"]
[WhiteElo "2516"]
[BlackElo "1841"]
[PlyCount "43"]
[EventDate "2017.01.13"]

1. d4 d5 2. c4 e6 3. Nc3 Nf6 4. cxd5 exd5 5. Bg5 c6 6. e3 Be7 7. Bd3 Nbd7 8. h3
O-O 9. Bf4 Re8 10. Nf3 Nf8 11. Qc2 Bd6 12. Bxd6 Qxd6 13. O-O-O b5 14. Kb1 a5
15. Rhf1 Bb7 16. Ne2 Rac8 17. g4 a4 18. Ng3 N6d7 19. Ng5 Nf6 20. Nf5 Qd8 21.
Nf3 {Diagrama [#]} N6d7 22. Nd6 1-0

[Event "XLII Abierto Internacional Ciudad de Se"]
[Site "Sevilla (SPAIN)"]
[Date "2017.01.13"]
[Round "1.9"]
[White "Ruiz Alcaide, Juan Luis"]
[Black "Petkov, Vladimir"]
[Result "0-1"]
[WhiteElo "1837"]
[BlackElo "2500"]
[PlyCount "50"]
[EventDate "2017.01.13"]

1. c4 e5 2. Nc3 Bb4 3. Nd5 a5 4. a3 Be7 5. g3 Nf6 6. Bg2 c6 7. Nc3 d5 8. cxd5
cxd5 9. d4 exd4 10. Qxd4 Nc6 11. Qd1 d4 12. Ne4 O-O 13. Nxf6+ Bxf6 14. Nf3 a4
15. O-O Re8 16. Bf4 Bf5 17. Qd2 h6 18. h4 Be4 19. h5 Qd5 20. g4 d3 {Diagrama 
[#]} 21. Be3 Ne5 22. Nxe5 Bxg2 23. Nxd3 Bxf1 24. Rxf1 Re4 25. f3 Rxe3 0-1

[Event "XLII Abierto Internacional Ciudad de Se"]
[Site "Sevilla (SPAIN)"]
[Date "2017.01.13"]
[Round "1.11"]
[White "Gomez Gonzalez, Agustin"]
[Black "Karthikeyan, P."]
[Result "0-1"]
[WhiteElo "1835"]
[BlackElo "2488"]
[PlyCount "56"]
[EventDate "2017.01.13"]

1. e4 e5 2. Nf3 Nc6 3. Bc4 Bc5 4. c3 Nf6 5. d4 exd4 6. cxd4 Bb4+ 7. Bd2 Bxd2+
8. Nbxd2 d5 9. exd5 Nxd5 10. O-O O-O 11. Re1 Nb6 12. Qb3 Na5 13. Qc2 Naxc4 14.
Nxc4 Nxc4 15. Qxc4 Be6 16. Qc3 Bd5 17. Rad1 c6 18. Ne5 Qg5 19. Qg3 Qxg3 20.
hxg3 Bxa2 21. Nd7 Rfd8 22. Re7 f6 23. b3 b6 24. Rc1 Bxb3 25. Rxc6 Ba4 26. Rc7
Rxd7 27. Rexd7 Bxd7 28. Rxd7 a5 0-1

[Event "XLII Abierto Internacional Ciudad de Se"]
[Site "Sevilla (SPAIN)"]
[Date "2017.01.13"]
[Round "1.12"]
[White "Deepan, Chakkravarthy J"]
[Black "Buet, Samuel"]
[Result "1-0"]
[WhiteElo "2485"]
[BlackElo "1831"]
[PlyCount "51"]
[EventDate "2017.01.13"]

1. Nf3 Nf6 2. g3 g6 3. Bg2 Bg7 4. O-O O-O 5. d4 d5 6. c4 c6 7. Qb3 Nbd7 8. Nc3
Nb6 9. cxd5 cxd5 10. Ne5 e6 11. Bg5 h6 12. Bxf6 Bxf6 13. e4 dxe4 14. Nxe4 Bg7
15. Rad1 Nd5 16. Nc3 Nb6 17. Rfe1 Rb8 18. a4 Nd7 19. Nc4 Nf6 20. d5 exd5 21.
Nxd5 Nxd5 22. Bxd5 Qf6 23. Ne5 {Diagrama [#]} Be6 24. Bxe6 fxe6 25. f4 Rbd8 26.
Nd7 1-0

[Event "XLII Abierto Internacional Ciudad de Se"]
[Site "Sevilla (SPAIN)"]
[Date "2017.01.13"]
[Round "1.13"]
[White "Suarez Fernandez, Enrique Oliv"]
[Black "Stany, G.A."]
[Result "0-1"]
[WhiteElo "1828"]
[BlackElo "2485"]
[PlyCount "40"]
[EventDate "2017.01.13"]

1. e3 Nf6 2. b3 g6 3. Bb2 Bg7 4. Nf3 c5 5. d4 cxd4 6. Nxd4 O-O 7. c4 Nc6 8.
Nxc6 dxc6 9. Qxd8 Rxd8 10. Be2 Bf5 11. O-O Bd3 12. Bxd3 Rxd3 13. Bd4 Ne4 14.
Bxg7 Kxg7 15. f3 Nc5 16. Na3 Rad8 17. e4 Rd2 18. Rf2 Rxf2 19. Kxf2 Rd2+ 20. Kg3
e5 0-1

[Event "XLII Abierto Internacional Ciudad de Se"]
[Site "Sevilla (SPAIN)"]
[Date "2017.01.13"]
[Round "1.14"]
[White "Ulybin, Mikhail"]
[Black "Garcia Fernandez, Miguel"]
[Result "1-0"]
[WhiteElo "2483"]
[BlackElo "1828"]
[PlyCount "45"]
[EventDate "2017.01.13"]

1. e4 e6 2. d4 d5 3. Nd2 Nf6 4. e5 Nfd7 5. c3 c5 6. Bd3 Nc6 7. Ngf3 Be7 8. O-O
a5 9. a4 cxd4 10. cxd4 Nb6 11. Re1 Nb4 12. Bb1 Bd7 13. Nf1 Rc8 14. b3 Qc7 15.
Bd2 h6 16. Ng3 O-O 17. Nh5 {Diagrama [#]} Ra8 18. Bxh6 gxh6 19. Qd2 f5 20. Qxh6
Kf7 21. Nf6 Bxf6 22. exf6 Nc8 23. Qg7+ 1-0

[Event "XLII Abierto Internacional Ciudad de Se"]
[Site "Sevilla (SPAIN)"]
[Date "2017.01.13"]
[Round "1.15"]
[White "Fernandez Robles, David"]
[Black "Fernandez Romero, Ernesto"]
[Result "0-1"]
[WhiteElo "1828"]
[BlackElo "2473"]
[PlyCount "63"]
[EventDate "2017.01.13"]

1. d4 Nf6 2. Nf3 b6 3. Bf4 Bb7 4. e3 g6 5. c4 Bg7 6. Nc3 O-O 7. Bd3 d6 8. O-O
Nbd7 9. h3 Re8 10. d5 e5 11. Bg5 h6 12. Bxf6 Nxf6 13. Qc2 Bc8 14. b4 a5 15.
Rab1 axb4 16. Rxb4 Nd7 17. Nb5 f5 18. Be2 Nc5 19. Nd2 Rf8 20. f3 Rf7 21. Nb3
Qg5 {Diagrama [#]} 22. f4 Qg3 23. Qc1 Rxa2 24. Rf3 Qh4 25. Nc3 Nxb3 26. Rxb3
Ra5 27. Nb5 g5 28. fxg5 hxg5 29. Qf1 e4 30. Rf2 Be5 31. Qc1 Qg3 32. Bd1 0-1

[Event "XLII Abierto Internacional Ciudad de Se"]
[Site "Sevilla (SPAIN)"]
[Date "2017.01.13"]
[Round "1.16"]
[White "Moroni, Luca Jr"]
[Black "Garrido Outon, Alex"]
[Result "1-0"]
[WhiteElo "2468"]
[BlackElo "1823"]
[PlyCount "47"]
[EventDate "2017.01.13"]

1. d4 Nf6 2. c4 c5 3. d5 e6 4. Nc3 exd5 5. cxd5 d6 6. e4 g6 7. Nf3 Bg7 8. Be2
O-O 9. O-O a6 10. a4 Re8 11. Nd2 Nbd7 12. h3 g5 13. Nc4 Qc7 14. Bxg5 Nxe4 15.
Nxe4 Rxe4 16. Bd3 Rd4 17. Be3 Rh4 18. Qf3 Ne5 19. Nxe5 Bxe5 20. Bg5 Rd4 21.
Rfe1 {Diagrama [#]} b6 22. Rxe5 dxe5 23. Bxh7+ Kf8 24. d6 1-0

[Event "XLII Abierto Internacional Ciudad de Se"]
[Site "Sevilla (SPAIN)"]
[Date "2017.01.13"]
[Round "1.17"]
[White "Dominguez Matito, Antonio"]
[Black "Basso, Pier Luigi"]
[Result "0-1"]
[WhiteElo "1821"]
[BlackElo "2448"]
[PlyCount "36"]
[EventDate "2017.01.13"]

1. d4 Nf6 2. c4 e6 3. Nc3 c5 4. d5 exd5 5. cxd5 d6 6. Nf3 g6 7. e4 Bg7 8. Be2
O-O 9. O-O Re8 10. Nd2 Nbd7 11. Nc4 Nxe4 12. Nxe4 Rxe4 13. Nxd6 Rd4 14. Qb3 Qe7
15. Nxc8 Qxe2 16. Qxb7 Rd1 17. Ne7+ Kh8 18. Qxa8+ Nf8 0-1

[Event "XLII Abierto Internacional Ciudad de Se"]
[Site "Sevilla (SPAIN)"]
[Date "2017.01.13"]
[Round "1.18"]
[White "Campora, Daniel H"]
[Black "Martin Rodriguez, Jose Maria"]
[Result "1-0"]
[WhiteElo "2443"]
[BlackElo "1820"]
[PlyCount "103"]
[EventDate "2017.01.13"]

1. e4 d5 2. exd5 Qxd5 3. Nc3 Qd8 4. d4 Bf5 5. Qf3 Bc8 6. Bc4 Nf6 7. Nge2 c6 8.
Bg5 Bg4 9. Qe3 Bxe2 10. Bxe2 e6 11. Bxf6 Qxf6 12. O-O-O Bd6 13. g3 O-O 14. Ne4
Qe7 15. f4 Nd7 16. c4 Nf6 17. Nxf6+ Qxf6 18. Bd3 h5 19. h4 Bc7 20. Kb1 Rfd8 21.
Be4 Rd7 22. Rd3 Rad8 23. Rhd1 a6 24. a3 g6 25. Ka1 a5 26. Bf3 Kh7 27. Be4 Kg8 (
27... Rxd4 28. Rxd4 Bb6 29. Rxd8 Bxe3 $11) 28. Qd2 Qg7 29. Qc3 Qf6 30. Ka2 Rb8
31. Qb3 Rdd8 32. d5 exd5 33. cxd5 cxd5 34. Bxd5 b5 35. Rc3 {Diagrama [#]} Rd7
36. Bxf7+ Rxf7 37. Rxc7 a4 38. Qxf7+ Qxf7+ 39. Rxf7 Kxf7 40. Rd4 Kf6 41. Kb1
Kf5 42. Rd5+ Kf6 43. b3 b4 44. bxa4 bxa3+ 45. Ka2 Rb2+ 46. Kxa3 Rg2 47. Rg5 Rg1
48. a5 Ra1+ 49. Kb4 Rb1+ 50. Kc5 Ra1 51. Kb6 Rb1+ 52. Rb5 1-0

[Event "XLII Abierto Internacional Ciudad de Se"]
[Site "Sevilla (SPAIN)"]
[Date "2017.01.13"]
[Round "1.19"]
[White "Espejo Montagut, Jose Maria"]
[Black "Harutjunyan, Gevorg"]
[Result "0-1"]
[WhiteElo "1819"]
[BlackElo "2437"]
[PlyCount "54"]
[EventDate "2017.01.13"]

1. d4 Nf6 2. Nf3 g6 3. c4 Bg7 4. Nc3 O-O 5. e4 d6 6. Be2 Nbd7 7. O-O e5 8. dxe5
dxe5 9. Qc2 c6 10. Rd1 Qc7 11. b3 Re8 12. Bb2 Nc5 13. h3 Nh5 14. b4 Ne6 15. c5
Qe7 16. Bc4 Nhf4 17. Ne2 Ng5 18. Nxg5 Qxg5 19. Nxf4 exf4 20. Bxg7 Bxh3 {
Diagrama [#]} 21. Bf1 Bxg2 22. Bh6 Qg4 23. f3 Bxf3+ 24. Bg2 Re5 25. Qb2 Bxg2
26. Qxg2 Qh4 27. Qh2 Qxh2+ 0-1

[Event "XLII Abierto Internacional Ciudad de Se"]
[Site "Sevilla (SPAIN)"]
[Date "2017.01.13"]
[Round "1.20"]
[White "Perez Mitjans, Orelvis"]
[Black "Sevillano Garcia, Joaquin"]
[Result "1-0"]
[WhiteElo "2427"]
[BlackElo "1816"]
[PlyCount "79"]
[EventDate "2017.01.13"]

1. e4 e6 2. d4 d5 3. e5 c5 4. c3 Nc6 5. Nf3 Qb6 6. Bd3 Bd7 7. dxc5 Bxc5 8. O-O
Nh6 9. Bxh6 gxh6 10. Qc1 Bf8 11. Na3 Rc8 12. Nc2 Bg7 13. Re1 a6 14. Ne3 h5 15.
Nf1 h4 16. Qg5 Kf8 17. Rab1 Ne7 18. Qxh4 Ng6 19. Qg3 Bb5 20. Bxb5 Qxb5 21. Ne3
Qa4 22. a3 Qf4 23. Qxf4 Nxf4 24. Red1 b5 25. Nc2 Ng6 26. Nb4 Ra8 27. a4 Ke7 28.
axb5 axb5 29. h4 h5 30. g3 Rhc8 31. Nd3 Rc4 32. Nd2 Rc7 33. f4 {Diagrama [#]}
Kd8 34. Nf3 Bf8 35. Ra1 Rca7 36. Rxa7 Rxa7 37. Nd4 b4 38. cxb4 Ne7 39. Rc1 Rc7
40. Nb5 1-0

[Event "XLII Abierto Internacional Ciudad de Se"]
[Site "Sevilla (SPAIN)"]
[Date "2017.01.14"]
[Round "2.1"]
[White "Parligras, Mircea"]
[Black "Olivera Gutierrez*, Albert"]
[Result "1-0"]
[WhiteElo "2605"]
[BlackElo "2091"]
[PlyCount "65"]
[EventDate "2017.01.13"]

1. d4 Nf6 2. c4 g6 3. Nc3 d5 4. cxd5 Nxd5 5. e4 Nxc3 6. bxc3 Bg7 7. Nf3 c5 8.
h3 O-O 9. Be3 Qa5 10. Bd2 Nc6 11. Be2 Rd8 12. O-O Qc7 13. Be3 cxd4 14. cxd4 e6
15. Rc1 Qe7 16. Qa4 Bd7 17. Qb3 Na5 18. Qc3 b6 19. Ba6 Bc6 20. Qd3 Qd7 21. Bg5
$14 f6 22. Bh4 Nb7 23. e5 Nc5 24. dxc5 Qxd3 25. Bxd3 Rxd3 26. exf6 Bxf3 27.
fxg7 Bd5 28. Bf6 b5 $6 (28... Ra3 29. c6 Rxa2 30. c7 Rc8 31. f3 $16) 29. c6 Rc8
30. c7 Bxa2 31. Ra1 {Diagrama [#]} Rd2 $2 32. Rxa2 Rxa2 33. Rd1 1-0

[Event "XLII Abierto Internacional Ciudad de Se"]
[Site "Sevilla (SPAIN)"]
[Date "2017.01.14"]
[Round "2.2"]
[White "Ballon, Guenther"]
[Black "Santos Latasa, Jaime"]
[Result "0-1"]
[WhiteElo "2093"]
[BlackElo "2566"]
[PlyCount "80"]
[EventDate "2017.01.13"]

1. d4 f5 2. e4 fxe4 3. Nc3 Nf6 4. Bg5 Nc6 5. d5 Ne5 6. Qe2 c6 7. Bxf6 gxf6 8.
Qxe4 {Preferible:} (8. O-O-O Qb6 9. Nxe4 cxd5 10. Rxd5 Qe6 $11) 8... Qb6 9. Na4
$15 Qa5+ 10. Nc3 cxd5 11. Qxd5 Qxd5 12. Nxd5 Kf7 13. f4 Nc6 14. O-O-O e6 15.
Nc3 Bb4 16. Nge2 f5 17. g3 d5 18. Nb5 Bd7 19. c3 Be7 20. Nbd4 Bf6 21. Nf3 Rhg8
22. Kb1 a6 23. c4 Ne7 24. Ned4 Rgd8 25. Be2 Rac8 26. cxd5 Nxd5 27. Rc1 Ne3 28.
Rxc8 Bxc8 29. Nc2 Ng4 30. Rd1 Bd7 31. Bc4 b5 32. Bf1 Ke7 33. Rd2 Bg7 34. Bg2
Bc6 35. Rxd8 Kxd8 36. Ng5 {Diagrama [#]} (36. Nce1 Kd7 37. Bf1 Kd6 $17) 36...
Bxg2 37. Nxe6+ Ke7 38. Nxg7 Be4 39. Kc1 Kf7 40. h3 Nf6 0-1

[Event "XLII Abierto Internacional Ciudad de Se"]
[Site "Sevilla (SPAIN)"]
[Date "2017.01.14"]
[Round "2.3"]
[White "Lopez Martinez, Josep Manuel"]
[Black "Fernandez Montero, Francisco M"]
[Result "1-0"]
[WhiteElo "2552"]
[BlackElo "2088"]
[PlyCount "63"]
[EventDate "2017.01.13"]

1. Nf3 f5 2. c4 Nf6 3. g3 d6 4. Bg2 e5 5. O-O Be7 6. d3 Nc6 7. Nc3 O-O 8. Rb1
a5 9. a3 Qe8 10. b4 axb4 11. axb4 Qh5 12. b5 Nd8 13. Nd5 Nxd5 14. cxd5 Nf7 15.
b6 cxb6 16. Rxb6 {Diagrama [#]} Ra6 (16... f4 17. gxf4 Ra2 18. Rb4 exf4 19.
Rxf4 $14) 17. Rb4 Ng5 18. Bxg5 Bxg5 19. Qb3 Bf6 20. Rc1 e4 (20... f4 21. gxf4
exf4 22. Rxf4 $11) 21. dxe4 $6 fxe4 22. Rxe4 Bf5 23. Rec4 Qe8 24. e3 Qa8 25.
Nd4 Ra3 26. Qb4 Bd3 (26... Bxd4 $142 27. Rxd4 Ra1 28. Rdd1 Qa4 29. Qxa4 Rxa4)
27. R4c3 Rxc3 28. Qxc3 Ba6 29. Bh3 Qe8 30. Be6+ Kh8 31. Qb4 Qd8 $2 (31... Qb8
$142 32. Nf5 Rd8) 32. Nf5 1-0

[Event "XLII Abierto Internacional Ciudad de Se"]
[Site "Sevilla (SPAIN)"]
[Date "2017.01.14"]
[Round "2.4"]
[White "Prieto, Ernesto"]
[Black "Saric, Ante"]
[Result "0-1"]
[WhiteElo "2082"]
[BlackElo "2542"]
[PlyCount "98"]
[EventDate "2017.01.13"]

1. e4 c5 2. Nf3 e6 3. d4 cxd4 4. Nxd4 Nc6 5. Nc3 Qc7 6. Be3 a6 7. Qd2 Nf6 8. f3
Be7 9. O-O-O b5 10. Kb1 Bb7 11. g4 Nxd4 12. Bxd4 O-O 13. g5 Nh5 14. Ne2 $11
Rac8 15. Rc1 (15. Bh3 f5 16. gxf6 Nxf6 17. a3 $11) 15... f5 16. gxf6 Bxf6 17.
Bh3 Bxd4 18. Nxd4 $15 {Es mejor:} (18. Qxd4 Rf7 19. Bg4 Nf6 20. Bh3 $11) 18...
Nf4 19. Bf1 d5 20. Bd3 Rcd8 {Diagrama [#]} 21. exd5 Bxd5 22. Qe3 Qc5 23. Rhg1
$19 Qxd4 24. Qxd4 Bxa2+ 25. Kxa2 Rxd4 26. Rg4 Ra4+ 27. Kb1 Nxd3 28. cxd3 Rxf3
29. Rxa4 bxa4 30. Rc6 Rxd3 31. Rxa6 Rh3 32. Rxa4 Rxh2 33. b4 Rd2 34. b5 Rd8 35.
b6 Rb8 36. Rb4 Kf7 37. Ka2 Ke7 38. Ka3 Kd6 39. Ka4 Kc6 40. Rg4 g6 41. Rh4 h5
42. Re4 Rxb6 43. Rxe6+ Kc5 44. Re7 Kd5 45. Rg7 Ke5 46. Ka5 Re6 47. Kb5 Kf4 48.
Kc4 g5 49. Kd5 Re8 0-1

[Event "XLII Abierto Internacional Ciudad de Se"]
[Site "Sevilla (SPAIN)"]
[Date "2017.01.14"]
[Round "2.5"]
[White "Kogan, Arthur"]
[Black "Malinovsky, Ilya"]
[Result "1-0"]
[WhiteElo "2530"]
[BlackElo "2071"]
[PlyCount "57"]
[EventDate "2017.01.13"]

1. e4 e6 2. d4 d5 3. e5 c5 4. Nf3 cxd4 5. Qxd4 Qc7 6. Nc3 a6 7. Bf4 Ne7 8. Qd2
Nd7 9. Bd3 Nc5 10. O-O Bd7 11. Rfe1 b5 {Diagrama [#]} (11... Rc8 $142 12. a3 h6
13. Bf1 g5 14. Bg3 Qb6 15. b4 Na4 16. Nxa4 Bxa4 17. Nd4 $11) 12. b4 Nb7 $6 (
12... Nxd3 13. cxd3 Rc8 14. Rac1 Nc6 15. a3 Qb6 16. Ne2 $11) 13. a4 bxa4 14.
Nxa4 Bb5 15. Bxb5+ axb5 16. Nc3 Rxa1 17. Rxa1 Qc4 18. Ra8+ Nd8 19. Nd4 Nec6 20.
Bg5 Kd7 21. Ncxb5 Bxb4 22. Qf4 Rf8 $6 (22... Bc5 23. Bxd8 Nxd8 24. g3 Re8 25.
c3 Bxd4 26. Nxd4 Qxc3 27. Ra7+ Kc8 28. Nb5 $16) 23. Bxd8 Nxd4 $6 (23... Be7 24.
Ra6 Nxd4 25. Ra7+ Ke8 26. Nxd4 Bxd8 27. h4 $18) 24. Nxd4 Bc5 $2 25. Ba5 Qa4 26.
g3 Rxa8 (26... Qxd4 27. Qxd4 Bxd4 28. Rxf8 Bxe5 29. Rxf7+ $18) 27. Qxf7+ Be7
28. Qxe6+ Ke8 29. Nf5 1-0

[Event "XLII Abierto Internacional Ciudad de Se"]
[Site "Sevilla (SPAIN)"]
[Date "2017.01.14"]
[Round "2.6"]
[White "Ortega Valle, Jose Ramon"]
[Black "Burmakin, Vladimir"]
[Result "0-1"]
[WhiteElo "2066"]
[BlackElo "2526"]
[PlyCount "78"]
[EventDate "2017.01.13"]

1. g3 d5 2. Bg2 Nf6 3. d3 c6 4. a3 e5 5. Nf3 Bd6 6. O-O O-O 7. Nc3 d4 8. Na2 c5
9. c3 Nc6 10. Re1 h6 11. e3 dxc3 12. Nxc3 Re8 13. Nd2 Bf8 14. Nde4 Be6 15. Qa4
Nd7 16. Qc2 Rc8 {Diagrama [#]} 17. f4 Nb6 18. Rf1 Qd7 19. Nf2 exf4 20. gxf4 Nd4
21. Qd1 Bb3 22. Qh5 Nc2 23. Rb1 Nxe3 24. Bxe3 Rxe3 25. Bh3 Be6 26. f5 Bb3 27.
Nce4 Qd4 28. Rbe1 Nd5 29. Qg4 Rc6 30. Nd2 Qxg4+ 31. Bxg4 Rb6 32. Bf3 Rxe1 33.
Rxe1 Ne7 34. Nxb3 Rxb3 35. f6 gxf6 36. Ne4 Nd5 37. Kf2 Rxb2+ 38. Kg3 f5 39. Nf2
Bd6+ 0-1

[Event "XLII Abierto Internacional Ciudad de Se"]
[Site "Sevilla (SPAIN)"]
[Date "2017.01.14"]
[Round "2.7"]
[White "Gleizerov, Evgeny"]
[Black "Carrabeo Garcia, Manuel"]
[Result "1-0"]
[WhiteElo "2518"]
[BlackElo "2065"]
[PlyCount "60"]
[EventDate "2017.01.13"]

1. d4 d5 2. c4 dxc4 3. e3 Nf6 4. Bxc4 e6 5. Nf3 Be7 6. Qe2 O-O 7. O-O c5 8.
dxc5 Bxc5 9. e4 Nc6 10. e5 Nd5 11. a3 a6 12. Bd3 Be7 13. h4 Qb6 14. Qe4 g6 15.
Nbd2 Rd8 16. Nc4 Qa7 17. h5 {Diagrama [#]} b5 18. Ne3 Nxe3 19. Bxe3 Qd7 20.
Rad1 Bb7 21. Qg4 Qe8 22. Bb6 Rdc8 23. Rfe1 Bf8 24. hxg6 hxg6 25. Ng5 Bg7 26.
Qh4 Ne7 27. f3 Nd5 28. Bf2 Rd8 29. Bc5 Ne7 30. Bxg6 fxg6 1-0